000 00226nam a22000857a 4500
008 160914b xxu||||| |||| 00| 0 eng d
100 _9484
_aDass.H.K.etal
245 _aMathematics 9
260 _aNew Delhi
_bS. Chand Publications
_c2011
999 _c3141
_d3141